000 00294nam a2200109Ia 4500
008 220216s9999 xx 000 0 und d
245 0 _aMeenachil : Pioneer co-op set to foray into fresh terrains
260 _bRubber Asia
_c2004
300 _a57-61,97
650 _aRubber marketing
942 _cJS
999 _c62811
_d62811